[Event "MTO"]
[Site "Biel SUI"]
[Date "2001.08.03"]
[Round "11"]
[White "Ali,Mah"]
[Black "Allemann,A"]
[Result "1-0"]
[WhiteElo "2274"]
[BlackElo "2154"]

1.d4 Nf6 2.c4 g6 3.Nc3 Bg7 4.e4 d6 5.Be2 O-O 6.Nf3 e5 7.O-O exd4 8.Nxd4 Re8
9.f3 c6 10.Nc2 Na6 11.Be3 d5 12.cxd5 cxd5 13.exd5 Nb4 14.Bd4 Nxc2 15.Qxc2 Nxd5
16.Bxg7 Ne3 17.Qd3 Qxd3 18.Bxd3 Nxf1 19.Bh6 Nd2 20.Rd1 Nxf3+ 21.gxf3 Be6
22.Kf2 Red8 23.Bc2 Rxd1 24.Bxd1 f6 25.Be3 Kf7 26.Bd4 a6 27.a4 Rd8 28.Ke3 Rd7
29.Ne4 h6 30.Nc5 Re7 31.Nxe6 Rxe6+ 32.Kd2 Rd6 33.Kd3 Ke6 34.Bb3+ Kf5 35.Ke3 g5
36.Bc2+ Ke6 37.a5 f5 38.Bb3+ Kd7 39.Be5 Rg6 40.Bd5 Kc8 41.Kd4 b6 42.axb6 Rxb6
43.Kc5 Rb5+ 44.Kc6 f4 45.b4 g4 46.fxg4 f3 47.Bg3 f2 48.Bxf2 Rxb4 49.Bb6 Rb2
50.Be4 Rb3 51.Bf5+ Kb8 52.Bc7+ Ka7 53.Bf4 a5 54.Be6 Rc3+ 55.Kb5 a4 56.Kxa4 Rc2
57.Kb5 Kb7 58.h4 Rb2+ 59.Kc5 Rb6 60.Bd5+ Ka6 61.Bc6  1-0

[Event "ch-IRI"]
[Site "Tehran IRI"]
[Date "2001.08.03"]
[Round "5"]
[White "Ghorbani,M"]
[Black "Darban,M"]
[Result "0-1"]
[WhiteElo "2334"]
[BlackElo "2304"]

1.d4 Nf6 2.c4 g6 3.Nc3 Bg7 4.e4 d6 5.Be2 O-O 6.Nf3 e5 7.Be3 Qe7 8.d5 Ng4
9.Bg5 f6 10.Bh4 a5 11.Nd2 h5 12.h3 Nh6 13.f3 Na6 14.a3 Bd7 15.b3 Nf7 16.Rb1 Bh6
17.Bf2 Nc5 18.Qc2 f5 19.b4 axb4 20.axb4 Na4 21.Nd1 Bxd2+ 22.Qxd2 fxe4 23.fxe4 Ng5
24.Bd3 Rf4 25.Qe2 Nxe4 26.Bxe4 Rxe4 27.Qxe4 Bf5 28.Qf3 Bxb1 29.O-O Bf5 30.Qe2 Qg5
31.Kh1 Nb6 32.Ne3 Nd7 33.c5 Nf6 34.Qe1 Ra3 35.cxd6 cxd6 36.Qc1 Ra2 37.Bg1 Ne4
38.Rxf5 Ng3+ 39.Kh2 Nxf5 40.Qc8+ Kh7 41.Qc7+ Qe7 42.Qc4 Ra8 43.Nf1 Qg5 44.Qc7+ Kh6
45.Bf2 Qf4+ 46.Kg1 Ra2 47.Qb6 Re2 48.b5 e4 49.g3 Qf3 50.g4 hxg4 51.Nh2 Qxh3
52.Qd8 e3 53.Qh8+ Kg5 54.Bh4+ Qxh4  0-1

[Event "UPI"]
[Site "Mancha Real ESP"]
[Date "2001.08.05"]
[Round "7"]
[White "Castillo Gallego,S"]
[Black "De la Paz,F"]
[Result "0-1"]
[WhiteElo "2234"]
[BlackElo "2461"]

1.d4 Nf6 2.c4 g6 3.Nc3 Bg7 4.e4 d6 5.Nf3 O-O 6.Be2 e5 7.d5 Na6 8.Bg5 h6 9.Bh4 g5
10.Bg3 Nh5 11.h4 Nxg3 12.fxg3 gxh4 13.Nxh4 Qg5 14.g4 Bf6 15.Qd2 Qxd2+ 16.Kxd2 Bg5+
17.Kc2 Nb4+ 18.Kb3 a5 19.Nf5 Bxf5 20.exf5 Na6 21.Ne4 Nc5+ 22.Nxc5 dxc5 23.Bf3 a4+
24.Kc2 Ra6 25.Be4 Kg7 26.Rh3 Rb6 27.Rf1 Rg8 28.Rhf3 Bf6 29.Rh1 Kf8 30.Rxh6 Rxg4
31.Re3 Rb4 32.d6 Rxc4+ 33.Rc3 Rxc3+ 34.bxc3 cxd6 35.Bf3 Bg7 36.Rxd6 Rf4 37.f6 Bxf6
38.Bxb7 Bg5 39.Bd5 e4 40.Rc6 Rf2+ 41.Kb1 e3  0-1

[Event "Inline Czechia Cup"]
[Site "Olomouc CZE"]
[Date "2001.08.05"]
[Round "6"]
[White "Obsivac,J"]
[Black "Kim,Se"]
[Result "0-1"]
[WhiteElo "2361"]
[BlackElo "2219"]

1.d4 Nf6 2.c4 g6 3.Nc3 Bg7 4.e4 d6 5.Nf3 O-O 6.Be2 e5 7.O-O exd4 8.Nxd4 Re8
9.f3 Nbd7 10.Be3 c6 11.Qd2 a5 12.Rad1 a4 13.Nc2 Re6 14.b3 axb3 15.axb3 Re8
16.Ra1 Rxa1 17.Rxa1 Nc5 18.Rb1 Nh5 19.b4 Ne6 20.g3 Qf6 21.Na4 Qe5 22.Bd3 Nf8
23.Nb6 Bh3 24.g4 Nf6 25.Bd4 Qe7 26.Re1 Ne6 27.Be3 h5 28.g5 Nd7 29.Nxd7 Qxd7
30.Qf2 c5 31.Rd1 b6 32.Rd2 Ra8 33.Be2 Ra2 34.Bd1 Bc3 35.Rd3 cxb4 36.Qg3 Nc5
37.Rxd6 Qc8 38.Rxb6 Nd7 39.Rd6 Be5 40.Nxb4 Rg2+ 41.Qxg2 Bxg2 42.Rc6 Qb8 43.Nd5 Qb2
44.Bf2 Bh3 45.Ne3 Qc1  0-1

[Event "12th Sueder Summer"]
[Site "Recklinghausen GER"]
[Date "2001.08.05"]
[Round "2"]
[White "Podzielny,KH"]
[Black "Parado,D"]
[Result "1-0"]
[WhiteElo "2477"]
[BlackElo "2107"]

1.d4 Nf6 2.Nf3 g6 3.c4 Bg7 4.Nc3 O-O 5.e4 d6 6.Be2 Nbd7 7.O-O e5 8.Bg5 h6
9.Bh4 c6 10.d5 c5 11.Nd2 a6 12.Rb1 g5 13.Bg3 Qe7 14.Re1 Rb8 15.Nf1 Re8 16.Ne3 Nf8
17.b4 cxb4 18.Rxb4 Qc7 19.Qb1 Ng6 20.f3 Nh5 21.Bf2 Nhf4 22.Bf1 Bd7 23.Rb6 Bf8
24.Nf5 Nh4 25.c5 Bxf5 26.exf5 Nh3+ 27.gxh3 Nxf3+ 28.Kh1 Nxe1 29.Qxe1 dxc5
30.Qb1 e4 31.Bg3 Qd7 32.Nxe4 Qxd5 33.Bg2 Rxe4 34.Bxe4 Qd4 35.Bxb8 c4 36.f6 c3
37.Rxb7 Qxf6 38.Kg2 Qe6 39.Bg3 f5 40.Qb3  1-0

[Event "It"]
[Site "Nikolaev UKR"]
[Date "2001.08.06"]
[Round "6"]
[White "Zavgorodniy,S"]
[Black "Alexikov,A"]
[Result "1-0"]
[WhiteElo "2453"]
[BlackElo "2405"]

1.d4 Nf6 2.c4 g6 3.Nc3 Bg7 4.e4 d6 5.Nf3 O-O 6.Be2 e5 7.O-O Nbd7 8.Be3 exd4
9.Nxd4 Re8 10.f3 c6 11.Nc2 Qc7 12.Qd2 Bf8 13.Rad1 a5 14.b3 h5 15.Kh1 Kh7
16.Bg5 Kg8 17.Rfe1 Nh7 18.Be3 Qd8 19.Bf4 Qf6 20.Be3 Qg7 21.Bf1 Be7 22.Nd4 Nhf6
23.Bh6 Qh8 24.Bg5 Bf8 25.Qf4 Nh7 26.Bh6 Be7 27.Nce2 Qf6 28.Nc2 Ne5 29.Qxf6 Nxf6
30.Bf4 Bf8 31.Nc3 Kg7 32.Na4 Nfd7 33.Bc1 Kg8 34.Kg1 Rb8 35.h3 f6 36.Bb2 h4
37.f4 Nf7 38.Bd3 Kh7 39.Bd4 Be7 40.Bf2 g5 41.e5+ Kg7 42.e6 Nc5 43.Nxc5 Nd8
44.Nd7  1-0

[Event "ch-IRI"]
[Site "Tehran IRI"]
[Date "2001.08.06"]
[Round "10"]
[White "Ghorbani,M"]
[Black "Rajabi Hezar,H"]
[Result "1-0"]
[WhiteElo "2334"]
[BlackElo "2203"]

1.d4 Nf6 2.c4 g6 3.Nc3 Bg7 4.e4 d6 5.Be2 O-O 6.Nf3 e5 7.Be3 Ng4 8.Bg5 f6
9.Bh4 Nc6 10.d5 Ne7 11.Nd2 Nh6 12.f3 Kh8 13.Bf2 f5 14.c5 f4 15.Nc4 g5 16.Qb3 b6
17.cxd6 cxd6 18.Qa3 g4 19.Qxd6 Qe8 20.Rd1 gxf3 21.gxf3 Nf7 22.Qb4 Bd7 23.a4 Ng5
24.Rg1 Nh3 25.Rxg7 Kxg7 26.Nxe5 Nxf2 27.Kxf2 Ng6 28.Nxg6 hxg6 29.Qd4+ Kh7
30.e5 Qe7 31.Kg1 Qh4 32.e6 Rf5 33.exd7 Rg5+ 34.Kh1 Rh5 35.Qg1 Rg5 36.Qe1 Qh3
37.Qf2 Qxd7 38.Ne4 Rf5 39.Bb5 Qg7 40.d6 Raf8 41.Qh4+ Rh5 42.Qe7 Rf7 43.Ng5+  1-0

[Event "Nordic Championships"]
[Site "Bergen NOR"]
[Date "2001.08.08"]
[Round "5"]
[White "Ekeberg,C"]
[Black "Bjarnason,S"]
[Result "1-0"]
[WhiteElo "2117"]
[BlackElo "2281"]

1.d4 Nf6 2.c4 g6 3.Nc3 Bg7 4.e4 d6 5.Nf3 O-O 6.Be2 Nbd7 7.O-O e5 8.Be3 c6
9.d5 c5 10.Ne1 Ne8 11.Nd3 f5 12.f4 b6 13.Qd2 Qe7 14.Bf3 Nef6 15.Rae1 Ng4
16.Bxg4 fxg4 17.f5 gxf5 18.exf5 Nf6 19.Bg5 Bd7 20.Nf4 Bxf5 21.Nh5 Bg6 22.Nxg7 Kxg7
23.Bh6+ Kg8 24.Bxf8 Rxf8 25.Rf2 Kg7 26.Ref1 h6 27.Qe3 a6 28.Ne2 b5 29.b3 Qb7
30.Ng3 Rf7 31.Nf5+ Bxf5 32.Rxf5 bxc4 33.bxc4 Qb2 34.Qg3 Qd4+ 35.Kh1 Rf8 36.Qh4 e4
37.Qg3 e3 38.Qxd6 Qxc4 39.Qe7+ Rf7 40.Qxe3 Qd4 41.Qe6 c4 42.R5f4 Qd3 43.Rxg4+ Kh8
44.Rgf4 Kg7 45.h3 c3 46.Rxf6 Qxf1+ 47.Rxf1 Rxf1+ 48.Kh2 c2 49.Qd7+  1-0

[Event "ch-AUT women"]
[Site "Mureck AUT"]
[Date "2001.08.08"]
[Round "2"]
[White "Mira,H"]
[Black "Unger,E"]
[Result "1-0"]
[WhiteElo "2122"]
[BlackElo "2177"]

1.d4 Nf6 2.c4 g6 3.Nc3 Bg7 4.e4 d6 5.Be2 O-O 6.Nf3 e5 7.d5 Nbd7 8.Bg5 h6
9.Bh4 a6 10.Nd2 Kh7 11.O-O Qe8 12.b4 Ng8 13.f3 Ne7 14.Bf2 Nf6 15.c5 Nh5 16.Nc4 Qd8
17.cxd6 cxd6 18.Bb6 Qd7 19.Ba5 b5 20.Ne3 Nf4 21.Re1 Nxe2+ 22.Rxe2 Bb7 23.a4 Rfc8
24.Qd3 f5 25.Rea2 f4 26.Nf1 h5 27.axb5 axb5 28.Qxb5 Qxb5 29.Nxb5 Bxd5 30.exd5 Nxd5
31.Nxd6 Rc6 32.Ne4 Rac8 33.Rd1 Ne3 34.Nxe3 fxe3 35.Kf1 Bf8 36.Ke2 Rb8 37.Kxe3 Bxb4
38.Bxb4 Rxb4 39.Ra7+ Kh6 40.h4 Rb3+ 41.Rd3 Rxd3+ 42.Kxd3 g5 43.Nxg5 Rd6+
44.Ke3 Kg6 45.Re7 Kf5 46.Rxe5+  1-0

[Event "8th Open"]
[Site "Nice FRA"]
[Date "2001.08.08"]
[Round "4"]
[White "Sulava,N"]
[Black "Badea,B"]
[Result "1-0"]
[WhiteElo "2531"]
[BlackElo "2487"]

1.d4 g6 2.c4 Bg7 3.Nf3 d6 4.Nc3 Nd7 5.e4 e5 6.Be2 Ngf6 7.O-O O-O 8.Be3 Ng4
9.Bg5 f6 10.Bc1 Nh6 11.Qc2 Nf7 12.Rd1 c6 13.Be3 Qe7 14.c5 exd4 15.cxd6 Nxd6
16.Rxd4 Nf7 17.Rad1 Nc5 18.R4d2 Ne6 19.Bc4 Kh8 20.Ne2 Re8 21.h4 Nh6 22.h5 Ng4
23.hxg6 Nxe3 24.fxe3 Bh6 25.Kf2 hxg6 26.e5 Nf8 27.Rh1 Kg7 28.Rd4 fxe5 29.Rdh4 Bg5
30.Rh8 Bxe3+ 31.Kxe3 Qc5+ 32.Kd2 Rd8+ 33.Ke1 Be6 34.Qc3 Qxc4 35.Qxe5+ Kf7
36.Ng5+ Ke7 37.R1h7+  1-0

[Event "Nordic Championships"]
[Site "Bergen NOR"]
[Date "2001.08.10"]
[Round "7"]
[White "Olsson,L"]
[Black "Pedersen,St"]
[Result "0-1"]
[WhiteElo "2196"]
[BlackElo "2453"]

1.d4 Nf6 2.c4 g6 3.Nc3 Bg7 4.e4 d6 5.Nf3 O-O 6.Be2 e5 7.O-O Na6 8.Re1 c6
9.Bf1 Bg4 10.d5 Ne8 11.h3 Bd7 12.Rb1 c5 13.a3 h6 14.b4 b6 15.Bd3 f5 16.Bc2 Rc8
17.Nd2 Nf6 18.Ba4 fxe4 19.Bxd7 Qxd7 20.b5 Nc7 21.Ndxe4 Nxe4 22.Nxe4 Ne8 23.Qg4 Qxg4
24.hxg4 Ra8 25.Rb3 Rf7 26.Rh3 g5 27.Rb3 Bf8 28.Kf1 a6 29.bxa6 Rxa6 30.Ke2 Nc7
31.Kd3 b5 32.cxb5 Ra4 33.Rb1 Nxd5 34.f3 Rb7 35.Re2 Kf7 36.Rc2 Ra5 37.Nc3 Nxc3
38.Rxc3 d5 39.Bd2 c4+ 40.Ke2 Raxb5 41.Rxb5 Rxb5 42.a4  0-1

[Event "FSGM August"]
[Site "Budapest HUN"]
[Date "2001.08.10"]
[Round "7"]
[White "Sundararajan,K"]
[Black "Drazic,S"]
[Result "1-0"]
[WhiteElo "2421"]
[BlackElo "2480"]

1.d4 Nf6 2.c4 g6 3.Nc3 Bg7 4.e4 d6 5.Nf3 O-O 6.Be2 e5 7.Be3 Ng4 8.Bg5 f6
9.Bh4 Nc6 10.d5 Ne7 11.Nd2 Nh6 12.f3 c5 13.Rb1 b6 14.b4 Nf7 15.O-O Bd7 16.bxc5 dxc5
17.a4 Nd6 18.a5 Bh6 19.Nb3 Be3+ 20.Kh1 h5 21.Qd3 Bf4 22.Ra1 Rb8 23.axb6 axb6
24.Ra6 Qc7 25.Rfa1 Rb7 26.Qc2 Kh7 27.Bd3 Kg7 28.Bf2 Bg5 29.Na4 Bxa4 30.R6xa4 h4
31.Ra6 f5 32.exf5 gxf5 33.Be1 Bf6 34.Bc3 Qc8 35.Re1 Nf7 36.Nd2 Qd7 37.f4 e4
38.Bxe4 Nd6 39.Bd3 Ng6 40.g3 hxg3 41.hxg3 Re8 42.Raa1 Ra7 43.Rab1 b5 44.cxb5 Ne4
45.Bxe4 fxe4 46.Bxf6+ Kxf6 47.Nxe4+ Kg7 48.Qc3+ Ne5 49.fxe5 Qh3+ 50.Kg1 Rh8
51.e6+ Kg8 52.Qf3 Qh2+ 53.Kf1 Qh3+ 54.Qg2 Qf5+ 55.Kg1 Rah7 56.e7 Rh1+ 57.Qxh1 Rxh1+
58.Kxh1 Qh7+ 59.Kg1 Qxe7 60.d6 Qb7 61.d7 Qxd7  1-0

[Event "I American Continental"]
[Site "Cali COL"]
[Date "2001.08.10"]
[Round "1"]
[White "Lima,Da"]
[Black "Arias,D"]
[Result "1-0"]
[WhiteElo "2543"]
[BlackElo "2117"]

1.d4 Nf6 2.c4 g6 3.Nc3 Bg7 4.e4 d6 5.Be2 Nbd7 6.Nf3 O-O 7.O-O e5 8.Be3 c6
9.d5 Qc7 10.Nd2 a5 11.a3 Re8 12.b4 cxd5 13.Nb5 Qb8 14.cxd5 axb4 15.axb4 Rxa1
16.Qxa1 b6 17.Rc1 Bb7 18.Rc7 Rc8 19.Rxc8+ Bxc8 20.Qa7 Qxa7 21.Nxa7 Bb7 22.Bb5 Bf8
23.Bc6 Ba6 24.b5 Bxb5 25.Nxb5 Nc5 26.f3  1-0

[Event "7th Stage Russian Cup"]
[Site "Togliatty RUS"]
[Date "2001.08.10"]
[Round "3"]
[White "Zakharstov,V"]
[Black "Khamatgaleev,A"]
[Result "1/2-1/2"]
[WhiteElo "2496"]
[BlackElo "2412"]

1.d4 Nf6 2.c4 g6 3.Nc3 Bg7 4.e4 d6 5.Nf3 O-O 6.Be2 e5 7.O-O Na6 8.Re1 c6
9.Bf1 Bg4 10.d5 Nb4 11.Be2 a5 12.Bg5 Qc7 13.a3 Na6 14.Nd2 Bd7 15.Rb1 c5 16.Nf1 Kh8  1/2-1/2

[Event "7th Stage Russian Cup"]
[Site "Togliatty RUS"]
[Date "2001.08.10"]
[Round "3"]
[White "Mirovshchikov,S"]
[Black "Khamidulin,V"]
[Result "1-0"]
[WhiteElo "2394"]
[BlackElo "2213"]

1.Nf3 g6 2.d4 Bg7 3.c4 Nf6 4.Nc3 O-O 5.e4 d6 6.Be2 e5 7.O-O Nbd7 8.Be3 Qe7
9.Qc2 c6 10.Rfe1 Re8 11.d5 c5 12.a3 Nf8 13.b4 b6 14.bxc5 bxc5 15.Bd2 Nh5
16.g3 Bg4 17.Nxe5 Bxe2 18.Nc6 Qd7 19.Rxe2 f5 20.Rae1 f4 21.Qd3 Qg4 22.f3 Qh3
23.g4 Nf6 24.Rg2 g5 25.Qf1 Ng6 26.Rge2 Qxf1+ 27.Rxf1 a6 28.e5 Nxe5 29.Nxe5 dxe5
30.Rfe1 Nd7 31.Ne4 h6 32.Rb1 Reb8 33.Ree1 a5 34.Rb5 Rxb5 35.cxb5 a4 36.Rb1 Rb8
37.Ba5 Bf8 38.Bc7 Rb7 39.d6 Kf7 40.b6 Ke6 41.Rd1  1-0

[Event "Open"]
[Site "Presov SVK"]
[Date "2001.08.11"]
[Round "1"]
[White "Rachela,M"]
[Black "Mikrut,D"]
[Result "1/2-1/2"]
[WhiteElo "2170"]
[BlackElo "2354"]

1.d4 Nf6 2.c4 g6 3.Nc3 Bg7 4.e4 d6 5.Nf3 O-O 6.Be2 Nbd7 7.O-O e5 8.Bg5 h6
9.Bh4 c6 10.d5 c5 11.Ne1 g5 12.Bg3 Re8 13.Nc2 Nf8 14.Ne3 Ng6 15.h3 Nf4 16.Bg4 Nxg4
17.hxg4 a6 18.a4 Qf6 19.Rb1 a5 20.Bh2 Qg6 21.g3 h5 22.f3 hxg4 23.fxg4 Qh6
24.Qf3 Re7  1/2-1/2

[Event "7th Stage Russian Cup"]
[Site "Togliatty RUS"]
[Date "2001.08.11"]
[Round "4"]
[White "Ananchenko,I"]
[Black "Kornev,Alexe"]
[Result "0-1"]
[WhiteElo "2248"]
[BlackElo "2525"]

1.d4 Nf6 2.c4 g6 3.Nc3 Bg7 4.e4 d6 5.Be2 O-O 6.Nf3 Nbd7 7.O-O e5 8.Qc2 Nh5
9.Rd1 Nf4 10.Bf1 c5 11.dxc5 dxc5 12.Bxf4 exf4 13.e5 Qa5 14.Qe4 Re8 15.Rxd7 Bxd7
16.Qxf4 Bc6 17.Nd5 Bxd5 18.cxd5 Qb4 19.Qxb4 cxb4 20.Re1 a6 21.Bc4 Rac8 22.b3 b5
23.d6 bxc4 24.d7 c3 25.h4 Red8 26.dxc8=Q Rxc8 27.Kf1 Rc5 28.g3 h5 29.e6 fxe6
30.Rc1 e5 31.Rc2 Bh6 32.Ke2 Rd5 33.Ne1 e4 34.Ng2 Kf7 35.Ne1 Kf6 36.f4 exf3+
37.Nxf3 Kf5 38.Nh2 Ke4 39.Nf1 Bd2 40.Nh2 Rf5 41.g4 Rf4 42.gxh5 gxh5 43.a3 bxa3
44.b4 Kd4 45.Nf3+ Rxf3 46.Kxf3 Kd3 47.Ra2 Bc1  0-1

[Event "Slavonija Swiss"]
[Site "Vukovar CRO"]
[Date "2001.08.11"]
[Round "11"]
[White "Szuhanek,R"]
[Black "Bertok,M"]
[Result "1/2-1/2"]
[WhiteElo "2435"]
[BlackElo "2297"]

1.Nf3 Nf6 2.c4 g6 3.Nc3 Bg7 4.e4 d6 5.d4 O-O 6.Be2 Nbd7 7.O-O e5 8.Be3 Ng4
9.Bg5 f6 10.Bd2 Nh6 11.Qc2 Nf7 12.Rad1 c6 13.Rfe1 Qe7 14.Bf1 Nh6  1/2-1/2

[Event "FSGM August"]
[Site "Budapest HUN"]
[Date "2001.08.12"]
[Round "9"]
[White "Sundararajan,K"]
[Black "Castaneda,N"]
[Result "1-0"]
[WhiteElo "2421"]
[BlackElo "2341"]

1.d4 Nf6 2.c4 g6 3.Nc3 Bg7 4.e4 d6 5.Nf3 O-O 6.Be2 e5 7.Be3 Nbd7 8.O-O c6
9.d5 c5 10.Ne1 Ne8 11.g4 Bf6 12.Qd2 Ng7 13.Kh1 Be7 14.Rg1 Kh8 15.Bh6 Nf6
16.Be3 Bd7 17.Nd3 Qc8 18.f3 h5 19.g5 Nh7 20.f4 exf4 21.Bxf4 Qd8 22.Rad1 a6
23.Nxc5 dxc5 24.d6 Bc6 25.dxe7 Qxe7 26.Bf3 Rad8 27.Nd5 Bxd5 28.cxd5 f6 29.Rdf1 fxg5
30.Bxg5 Nxg5 31.Qxg5 Qxg5 32.Rxg5 Kh7 33.Kg2 Rfe8 34.Kg3 Kh6 35.h4 Rd6 36.Bg2 Rb6
37.b3 Re7 38.Rf8 Ne8 39.e5 Kg7 40.Rf4 Rf7 41.d6  1-0

[Event "Strange Badger"]
[Site "Bucharest ROM"]
[Date "2001.08.13"]
[Round "9"]
[White "Trajkovic,P"]
[Black "Manescu,T"]
[Result "1/2-1/2"]
[WhiteElo "2360"]
[BlackElo "2113"]

1.Nf3 Nf6 2.c4 g6 3.Nc3 Bg7 4.e4 d6 5.d4 O-O 6.Be2 Nbd7 7.O-O e5 8.Re1 c6
9.Bf1 exd4 10.Nxd4 Ng4 11.h3 Qb6 12.hxg4 Bxd4 13.Be3 Bxe3 14.Rxe3 Ne5 15.Be2 Qc7
16.b3 f6 17.g3 g5 18.Kg2 Bd7 19.f3 Rad8 20.Qd4 b6 21.Bf1 Be6 22.Rd1 Qf7 23.Kf2 Kg7
24.Bg2 Rh8 25.Ree1 Qc7 26.Qe3 Bxg4 27.Kg1 Bc8 28.f4 Ng4 29.Qd4 h6 30.Bf3 Kf7
31.Rd2 Rhg8 32.Bxg4 Bxg4 33.f5 Qe7 34.Kf2 Qe5 35.Nd1 Bxd1 36.Rexd1 Ke7 37.Qxe5+ dxe5
38.Rxd8 Rxd8 39.Rxd8 Kxd8 40.g4 Ke7 41.b4 Kd6 42.Ke3 a6 43.Kd3 c5 44.b5 axb5
45.cxb5 Ke7 46.a4  1/2-1/2

[Event "Faakersee Open"]
[Site "Latschach AUT"]
[Date "2001.08.13"]
[Round "4"]
[White "Bergen,P"]
[Black "Groetz,H"]
[Result "0-1"]
[WhiteElo "2158"]
[BlackElo "2305"]

1.d4 Nf6 2.c4 g6 3.Nc3 Bg7 4.e4 d6 5.Nf3 O-O 6.Be2 e5 7.O-O Na6 8.Be3 Ng4
9.Bg5 Qe8 10.h3 h6 11.Bc1 Nf6 12.dxe5 dxe5 13.b3 Qe7 14.Nd5 Qe6 15.Nxf6+ Qxf6
16.Bb2 Qe7 17.a3 Nb8 18.Re1 Nc6 19.Qc2 Be6 20.Rad1 Rad8 21.Rxd8 Rxd8 22.Rd1 Nd4
23.Nxd4 exd4 24.Bd3 Be5 25.Bc1 Qh4 26.Bf1 Qf6 27.Qd3 g5 28.Be2 Qg6 29.g4 Qf6
30.Kg2 c5 31.Bd2 Rc8 32.Qf3 Qe7 33.Qd3 Qc7 34.a4 Bf4 35.Bxf4 Qxf4 36.Qf3 Qe5
37.Bd3 Kg7 38.Qg3 Qxg3+ 39.Kxg3 f6 40.Re1 Bd7 41.h4 Re8 42.f3 Re6 43.Rh1 Rb6
44.Rb1 a6 45.Bc2 Be8 46.Re1 Bg6 47.Rd1 Kf8 48.Rb1 Ke7 49.Rd1 Kd6 50.e5+ fxe5
51.Bxg6 Rxb3 52.hxg5 hxg5 53.Be4 b5 54.axb5 axb5 55.cxb5 c4 56.Rh1 Rxb5 57.Rh5 d3
58.Kf2 Rb2+ 59.Ke1 Re2+ 60.Kd1 c3 61.Bxd3 Rd2+ 62.Kc1 Rxd3 63.Rxg5 Rxf3 64.Kc2 Rg3
65.Rg8 Ke6 66.Rg6+ Kd5 67.Rg8 Kd4 68.Rd8+ Ke4 69.Rf8 Rxg4 70.Kxc3 Rg2  0-1

[Event "ch-FRA Low Pool"]
[Site "Marsailles FRA"]
[Date "2001.08.13"]
[Round "10"]
[White "Lautier,J"]
[Black "Apicella,M"]
[Result "1/2-1/2"]
[WhiteElo "2675"]
[BlackElo "2524"]

1.d4 Nf6 2.c4 g6 3.Nc3 Bg7 4.e4 d6 5.Nf3 O-O 6.Be2 e5 7.O-O Na6 8.Be3 Ng4
9.Bg5 Qe8 10.dxe5 dxe5 11.h3 h6 12.Bd2 Nf6 13.Be3 Nh5 14.Re1 Nf4 15.Bf1 Ne6
16.Qd2 Kh7 17.Rad1 b6 18.a3 Bb7 19.b4 Rd8 20.Qc2 Rxd1 21.Rxd1 c5 22.Nd5 Nd4
23.Nxd4 exd4 24.Bd2 Qd7 25.Qb3 Bc6 26.Qg3 Bxd5 27.exd5 Qa4 28.Rb1 Qc2 29.Qd3 Qxd3
30.Bxd3 Be5 31.f4 Bd6 32.g4 Re8 33.Kf2 Kg7 34.b5 Nb8 35.a4 Nd7 36.Ra1 Bc7
37.Kf3 Nf6 38.Rg1 Nd7 39.Bc2 Re7 40.g5 hxg5 41.Rxg5 Re8 42.Rg1 Rh8 43.Kg2 f5
44.Re1  1/2-1/2

[Event "7th Stage Russian Cup"]
[Site "Togliatty RUS"]
[Date "2001.08.13"]
[Round "6"]
[White "Nikitin,An"]
[Black "Solovjev,N"]
[Result "1/2-1/2"]
[WhiteElo "2535"]
[BlackElo "2166"]

1.d4 Nf6 2.c4 g6 3.Nc3 Bg7 4.e4 d6 5.Be2 O-O 6.Nf3 e5 7.Be3 Ng4 8.Bg5 f6
9.Bh4 Nc6 10.d5 Ne7 11.Nd2 h5 12.h3 Nh6 13.g4 hxg4 14.hxg4 Nf7 15.Qc2 c5
16.O-O-O Bd7 17.Rdf1 a6 18.Bg3 Bh6 19.f4 exf4 20.Bxf4 Bxf4 21.Rxf4 Kg7 22.Nd1 Ne5
23.Ne3 g5 24.Rf2 Rh8 25.Rxh8 Qxh8 26.Ndf1  1/2-1/2

[Event "ch-FRA Gp A"]
[Site "Marsailles FRA"]
[Date "2001.08.14"]
[Round "2"]
[White "Lautier,J"]
[Black "Belkhodja,S"]
[Result "1/2-1/2"]
[WhiteElo "2675"]
[BlackElo "2531"]

1.d4 d6 2.Nf3 g6 3.c4 Bg7 4.Nc3 Nf6 5.e4 O-O 6.Be2 e5 7.O-O exd4 8.Nxd4 Re8
9.f3 c6 10.Kh1 Nh5 11.g4 Nf6 12.Be3 h5 13.g5 Nfd7 14.Qd2 Qe7 15.Rad1 Nb6
16.Rfe1 Na6 17.Bf1 Bd7 18.b3 Rad8 19.Bg2 Nc7 20.Nde2 Bc8 21.Bd4 Bxd4 22.Nxd4 Ne6
23.f4 Nxd4 24.Qxd4 Bg4 25.Ne2 Bxe2 26.Rxe2 d5 27.cxd5 Nxd5 28.Qf2 Nc3 29.Rxd8 Rxd8
30.Rd2 b5 31.e5 c5 32.h3  1/2-1/2

[Event "Open"]
[Site "Presov SVK"]
[Date "2001.08.14"]
[Round "4"]
[White "Palecek,P"]
[Black "Maryasin,B"]
[Result "0-1"]
[WhiteElo "2225"]
[BlackElo "2394"]

1.d4 Nf6 2.Nf3 g6 3.c4 Bg7 4.Nc3 O-O 5.e4 d6 6.Be2 Na6 7.O-O e5 8.d5 Nc5
9.Qc2 a5 10.Bg5 h6 11.Bd2 Nh5 12.Qc1 Kh7 13.Ne1 Qh4 14.Nf3 Qe7 15.Ne1 Nf4
16.Bf3 f5 17.exf5 Bxf5 18.Bxf4 exf4 19.Qd2 g5 20.h3 Qf6 21.Bd1 Qd4 22.Qxd4 Bxd4
23.Bc2 Bxc3 24.bxc3 Rae8 25.Bxf5+ Rxf5 26.Nf3 Re4 27.Rfe1 Rxc4 28.Re7+ Kg6
29.Rxc7 Rf7 30.Rc8 Rxc3 31.Rd8 Rf6 32.Re1 Rd3 33.Nh2 Rxd5 34.Ng4 Re6 35.Rxe6+ Nxe6
36.Rh8 Nd4 37.Rxh6+ Kg7 38.Rh5 Ne2+ 39.Kh2 Nc3 40.h4 gxh4 41.Rxh4 Nxa2 42.f3 Nc3
43.Nf2 Ne2 44.Nh3 Rf5 45.Rg4+ Kf7 46.Rh4 b5 47.Rh7+ Ke6 48.Rh8 Kd5 49.Re8 Re5
50.Rh8 a4 51.Nf2 Kd4 52.Ne4 a3 53.Kh3 b4 54.Rb8 Kc4 55.Nxd6+ Kb3 56.Ra8 a2  0-1

[Event "TCh-ESP Div 2"]
[Site "Vila Real ESP"]
[Date "2001.08.14"]
[Round "2"]
[White "Acebal Muniz,A"]
[Black "Paez Moguer,J"]
[Result "0-1"]
[WhiteElo "2267"]
[BlackElo "2134"]

1.Nf3 Nf6 2.c4 g6 3.Nc3 Bg7 4.e4 d6 5.d4 O-O 6.Be2 e5 7.dxe5 dxe5 8.Qxd8 Rxd8
9.Bg5 Nbd7 10.O-O-O Rf8 11.Nd5 c6 12.Ne7+ Kh8 13.Be3 Re8 14.Nxc8 Raxc8 15.c5 Bf8
16.b4 b6 17.Ng5 Kg7 18.Ba6 Rb8 19.Bc4 Re7 20.Rd6 h6 21.Nf3 bxc5 22.bxc5 Nxe4
23.Rxc6 Ndxc5 24.Nd2 Reb7 25.Nb3 Rb4 26.Bd5 Nd3+ 27.Kc2 Nf6 28.Bxh6+ Kxh6
29.Rxf6 Nf4 30.Rd1 Rc8+ 31.Kb1 Ne2 32.Rd3 Nc3+  0-1

[Event "TCh-ESP Div 2"]
[Site "Vila Real ESP"]
[Date "2001.08.14"]
[Round "2"]
[White "Biedma Martin,E"]
[Black "Herraiz Lopez,H"]
[Result "1/2-1/2"]
[WhiteElo "2283"]
[BlackElo "2443"]

1.d4 Nf6 2.Nf3 g6 3.c4 Bg7 4.Nc3 O-O 5.e4 d6 6.Be2 e5 7.dxe5 dxe5 8.Qxd8 Rxd8
9.Bg5 c6 10.Nxe5 Re8 11.O-O-O Na6 12.Nf3 Nc5 13.Nd2 Ng4 14.Bxg4 Bxg4 15.f3 Be6
16.Kc2 b5 17.Be3 Na6 18.cxb5 cxb5 19.Nb3 Rac8 20.Kb1 Bxb3 21.axb3 Bxc3 22.bxc3 Rxc3
23.Bxa7 Nb4 24.Rd2 Rxb3+ 25.Rb2 Rxb2+ 26.Kxb2 f5 27.exf5 gxf5 28.Kc3 Nc6
29.Bc5 Re5 30.Bb6 Re2 31.g4 f4 32.Kd3 Re6 33.Bc5 Kf7 34.Kd2 Ne5 35.Rf1 Rh6
36.Kc3 Rxh2 37.Bd6 Ke6 38.Bxe5 Kxe5 39.Rb1 Rf2 40.Rxb5+ Ke6 41.Rh5 Rxf3+  1/2-1/2

[Event "Open"]
[Site "Presov SVK"]
[Date "2001.08.15"]
[Round "5"]
[White "Priehoda,V"]
[Black "Balogh,Pe"]
[Result "1-0"]
[WhiteElo "2411"]
[BlackElo "2290"]

1.d4 Nf6 2.c4 d6 3.Nc3 Nbd7 4.e4 e5 5.Nf3 g6 6.Be2 Bg7 7.O-O O-O 8.Re1 c6
9.Bf1 Re8 10.d5 Qc7 11.h3 a6 12.Be3 c5 13.Rb1 h6 14.b4 cxb4 15.Rxb4 Nc5 16.Qb1 Nfd7
17.Nd2 Rf8 18.Nb3 f5 19.Nxc5 Nxc5 20.Bxc5 dxc5 21.Rb6 Rf6 22.Na4 Rb8 23.Rxf6 Bxf6
24.Qb6 Qxb6 25.Nxb6 fxe4 26.Rb1 e3 27.fxe3 Bf5 28.Rb3 Rd8 29.g4 Be4 30.Bg2 Bxg2
31.Kxg2 e4 32.a4 Be5 33.a5 Bd6 34.Na4 Rd7 35.Nc3 Re7 36.Rb6 Be5 37.Nxe4  1-0

[Event "7th Stage Russian Cup"]
[Site "Togliatty RUS"]
[Date "2001.08.15"]
[Round "8"]
[White "Zangiev,P"]
[Black "Kornev,Alexe"]
[Result "0-1"]
[WhiteElo "2266"]
[BlackElo "2525"]

1.Nf3 g6 2.d4 Bg7 3.c4 d6 4.Nc3 Nd7 5.e4 e5 6.Be2 Ngf6 7.O-O O-O 8.Be3 Ng4
9.Bg5 f6 10.Bd2 Nh6 11.Rc1 Nf7 12.b4 f5 13.dxe5 dxe5 14.c5 f4 15.Bc4 c6 16.Qb3 Qf6
17.Rcd1 g5 18.g3 b5 19.Be6 Nxc5 20.Bxf7+ Rxf7 21.bxc5 Bh3 22.Bc1 Bxf1 23.Rxf1 Rd8
24.Nb1 Qe7 25.Bb2 h6 26.gxf4 exf4 27.Bxg7 Kxg7 28.Qc3+ Qf6 29.e5 Qe6 30.Nd4 Qg4+
31.Kh1 f3 32.Rg1 Qxd4 33.Qa5 Re8 34.Qa6 Rxe5 35.Qxc6 Qxf2  0-1

[Event "WJun"]
[Site "Athens GRE"]
[Date "2001.08.16"]
[Round "1"]
[White "Roiz,M"]
[Black "Zufic,M"]
[Result "1/2-1/2"]
[WhiteElo "2511"]
[BlackElo "2289"]

1.d4 Nf6 2.Nf3 g6 3.c4 Bg7 4.Nc3 O-O 5.e4 d6 6.Be2 e5 7.Be3 Ng4 8.Bg5 f6
9.Bh4 Nc6 10.d5 Ne7 11.Nd2 Nh6 12.f3 g5 13.Bf2 Ng6 14.g4 Nf7 15.b4 Nh4 16.c5 h5
17.Rg1 hxg4 18.fxg4 Bd7 19.Nc4 Ng6 20.a4 Nf4 21.Bf1 Re8 22.Qb3 Bf8 23.h3 Kg7
24.O-O-O Be7 25.Rg3 Rh8 26.Na5 Qc8 27.c6 bxc6 28.Nxc6 Bf8 29.Nxa7 Qb7 30.Ncb5 c6
31.dxc6 Bxc6 32.Nxc6 Qxc6+ 33.Qc2 Qxc2+ 34.Kxc2 Rxa4 35.Kb3 Ra8 36.Rc3 Rb8
37.Ra1 Nxh3 38.Ba7 Rb7 39.Rxh3 Rxh3+ 40.Bxh3 Rxb5 41.Bf1 Rb7 42.b5 d5 43.exd5 Nd6
44.b6 f5 45.gxf5 Kf6 46.Rc1 g4 47.Ba6 Rh7 48.Rc7 Rh3+ 49.Kb2 Rh2+ 50.Kb3 Rh3+
51.Kb2 Rh2+ 52.Kb1 Rh1+ 53.Rc1 Rxc1+ 54.Kxc1 Bh6+ 55.Kd1 Be3 56.Bb8 Bc5 57.Bxd6 Bxd6
58.Bd3 e4 59.Bxe4 Ke5 60.b7 g3 61.Ke2 Bb8 62.Kf3 Kf6 63.Kg4 Bc7 64.Bg2 Bb8
65.Bh3 Bc7 66.Kf3 Bb8 67.Ke4 Bc7 68.Kd4 Bd6 69.Kc4 g2 70.Bxg2 Kxf5 71.Kb5 Kf6
72.Kb6 Bb8 73.Kc6 Ke7 74.Bf1 Bh2 75.Kb5 Bg3 76.Kc5 Bd6+ 77.Kd4 Bg3  1/2-1/2